000 00678cam a2200217 4500
008 090401t1992 xxu||||| |||| 00| 0 eng d
020 _a0117527378
035 _a(Sirsi) u63825
041 _aeng
110 _aUnited Kingdom
_bDepartment of the Environment
_9982
245 _aDevelopment and flood risk
260 _bHMSO
_c1992
300 _a11p
350 _a2.2
490 _aDoE Circular
_v30/92 16 Dec 92
520 _aCompliments PPG20 on coastal planning. SUPERSEDED: replaced by "Planning policy guidance note 25: development and flood risk" (ISBN 0117536113)
650 _aPPG20
690 _aPLANNING LAW AND PRACTICE
942 _n0
948 _c04/03/1997
999 _c94610
_d94610